000 00516cam a22001934a 4500
005 20250605164254.0
008 250528s ||||||||||||||||||||||||d
035 _a21860
020 _a9789602094006
040 _aGR-AtMCL
_bgre
_dGR-AtMCL
_eAACR2
245 1 _aΕΙΣΑΓΩΓΗ ΣΤΗΝ HTML 4 ΓΙΑ ΤΟΝ ΠΑΓΚΟΣΜΙΟ ΙΣΤΟ
250 _a1
260 _bΚλειδάριθμος,
_c2000
300 _a326
700 1 _aCastro Elizabeth
_91830
942 _cBK
999 _c6918
_d6918